000 00480nam a2200181Ia 4500
001 23385
005 20260414150933.0
008 260414t2018||||xx |||||||||||||| ||spa||
041 _aESP
082 _a630.201063
_bS41M V. 17
110 _aSeminario Permanente de Investigación Agraria
245 0 _aPerú :
_bel problema agrario en debate SEPIA XVII
260 _c2018
300 _a124 páginas :
_c24 cm.
650 _aTCA
654 _aCII
942 _cLIB
_dJUS
_fJUS
_2ddc
_n
999 _c23385
_d23385